La papauté à Avignon

Bibliographic Details
Main Author: Renouard, Yves, 1908-1965 (Author)
Format: Book
Language:French
PhysicalDescription:127 s. 19 cm
Published: [Paris] Jean-Paul Gisserot c2004
ISBN:2877477487
Edition:[Nouv. éd.]
Series:Gisserot-histoire
Subjects:

MARC

LEADER 00000nam a2200000 a 4500
001 vtls008296053
003 SK-MaSNL
005 20260302003511.0
008 240315s2004 fr g 000 0 fre
020 |a 2877477487  |q (brož.) 
040 |a SNK  |b slo  |c SNK  |e AACR2 
041 0 |a fre 
043 |a e-fr--- 
044 |a fr  |c FR 
072 7 |a 271/279  |x Kresťanské cirkvi, sekty, denominácie  |2 konspekt 
072 7 |a 27-9  |x Dejiny kresťanskej cirkvi  |2 konspekt 
080 |a 272-732.2  |2 2001 
080 |a 272-732.2-51  |2 2001 
080 |a 27-9  |2 2001 
080 |a 27-72  |2 2001 
080 |a (44)  |2 2001 
080 |a (048.8)  |2 2001 
100 1 |a Renouard, Yves,  |d 1908-1965  |4 aut  |9 642272 
245 1 3 |a La papauté à Avignon  |c Yves Renouard 
250 |a [Nouv. éd.] 
260 |a [Paris]  |b Jean-Paul Gisserot  |c c2004 
300 |a 127 s.  |c 19 cm 
490 1 |a Gisserot-histoire 
650 0 7 |a pápežstvo  |2 SNKPH  |9 23072 
650 0 7 |a pápeži  |2 SNKPH  |9 1971 
650 0 7 |a cirkevné dejiny  |2 SNKPH  |9 3909 
651 7 |a Avignon (Francúzsko)  |2 SNKPH  |9 25913 
651 7 |a Francúzsko  |2 SNKPH  |9 15907 
655 7 |a štúdie  |2 SNKPH  |9 57033 
830 0 |a Gisserot-histoire  |9 538382 
919 |a 2-87747-748-7 
999 |c 992249  |d 994179 
952 |a SNK  |b SNK  |y VYP  |7 0  |p 17A0482835  |o snkID 97463  |i snk2005/15899  |8 2  |g 6.47  |0 0  |1 0  |4 0  |d 2005-08-30  |l 0  |r 2026-02-24 11:53:16  |w 2026-02-24